| 000 | 00436nam a2200145 4500 | ||
|---|---|---|---|
| 001 | 137689 | ||
| 003 | ES-MaACL | ||
| 007 | t| | ||
| 008 | 070214s1974 sp r ||||1| spa d | ||
| 100 | 1 |
_aSales, Núria. _9101877 |
|
| 245 | 1 | 0 |
_aSobre esclavos, reclutas y mercaderes de quintos / _cNuria Sales de Bohigas. |
| 260 |
_aBarcelona [etc.] : _bAriel, _c1974. |
||
| 300 |
_a277 p., 13 lám. ; _c18 cm. |
||
| 852 |
_aES-MaACL _jE-7800 _bR.91949 |
||
| 999 |
_c137689 _d137689 |
||